|
|
|
|
| LEADER |
01312nam a2200397 a 4500 |
| 001 |
000699103 |
| 003 |
CZ BrMZK |
| 005 |
20040113133631.0 |
| 007 |
ta |
| 008 |
031205s2002 xo e 000 0 slo d |
| 020 |
|
|
|a 80-223-1634-2
|q (brož.)
|
| 040 |
|
|
|a BOA001
|b cze
|
| 041 |
0 |
|
|a slo
|b eng
|
| 072 |
|
7 |
|a 821.162.4
|x Slovenská literatura
|2 Konspekt
|9 25
|
| 080 |
|
|
|a 801.6
|2 MRF
|
| 080 |
|
|
|a 821.162.4-1
|2 MRF
|
| 080 |
|
|
|a 801.61/.66
|2 MRF
|
| 080 |
|
|
|a 82.09
|2 MRF
|
| 080 |
|
|
|a (048.8)
|2 MRF
|
| 100 |
1 |
|
|a Štraus, František,
|d 1933-2008
|7 jo2002150586
|4 aut
|
| 245 |
1 |
0 |
|a Základy informačnej analýzy verša /
|c František Štraus
|
| 250 |
|
|
|a 1. vyd.
|
| 260 |
|
|
|a Bratislava :
|b Univerzita Komenského,
|c 2002
|
| 300 |
|
|
|a 98 s. ;
|c 21 cm
|
| 500 |
|
|
|a 100 výt.
|
| 500 |
|
|
|a Anglické resumé
|
| 504 |
|
|
|a Obsahuje bibliografii
|
| 541 |
|
|
|a Bratislava, Centrum vedecko-technických informácií SR
|
| 650 |
0 |
7 |
|a slovenská poezie
|7 ph125662
|2 czenas
|
| 650 |
0 |
7 |
|a slovenský verš
|7 ph216760
|2 czenas
|
| 650 |
0 |
7 |
|a literárněvědné rozbory
|7 ph138745
|2 czenas
|
| 650 |
0 |
7 |
|a verš
|7 ph127037
|2 czenas
|
| 655 |
|
7 |
|a studie
|7 fd133597
|2 czenas
|
| 910 |
|
|
|a BOA001
|b 2-1126.613
|
| 990 |
|
|
|a BK
|
| 996 |
7 |
|
|b 2610205942
|c 2-1126.613
|l MZK
|r Sklad / do 1 hodiny
|n 1
|p vým
|w 000699103
|u 000010
|a 1
|e BOA001
|j MZK50
|s A
|